[Event "kasker -2"]
[Site "http://www.queenalice.com/game.php?id=1838802"]
[Date "2024.6.17"]
[Round "1"]
[White "diedoofen"]
[Black "Dogeval"]
[Result "1/2-1/2"]
[WhiteElo "2550"]
[BlackElo "2788"]

1. e4 e5 2. d4 exd4 3. Nf3 Bb4+ 4. c3 dxc3 5. Nxc3 Nf6 6. e5 Ne4 7. Qc2 d5 8.
Be3 Nd7 9. Be2 O-O 10. O-O Bxc3 11. bxc3 Re8 12. c4 Nxe5 13. Nxe5 Rxe5 14. cxd5
Nf6 15. Bf4 Re8 16. Bc4 Nxd5 17. Bxd5 Qxd5 18. Rfd1 Qf5 19. Qxc7 Be6 20. Bg3 b6
21. Qf4 Qxf4 22. Bxf4 Bf5 23. f3 b5 24. Rd5 Bg6 25. Rxb5 a6 1/2-1/2

[Event "AUTO-ELITE-2484"]
[Site "http://www.queenalice.com/game.php?id=1838811"]
[Date "2024.6.17"]
[Round "3"]
[White "trompmaster"]
[Black "diedoofen"]
[Result "0-1"]
[WhiteElo "2432"]
[BlackElo "2564"]

1. Nf3 d5 2. e3 Nf6 3. c4 e6 4. b3 c5 5. Bb2 Be7 6. cxd5 exd5 7. d4 O-O 8. Bd3
Nc6 9. dxc5 Bg4 10. Nbd2 Bxc5 11. Rc1 Bb6 12. O-O Re8 13. Qc2 d4 14. Ng5 h6 15.
Bh7+ Kf8 16. Nxf7 Kxf7 17. Qg6+ Kf8 18. Ba3+ Re7 19. Nc4 Be2 20. Rfe1 d3 21.
Red1 Bc7 22. Qf5 a5 23. Rd2 Nb4 24. Bb2 Nd5 25. Ba3 b5 26. Bxe7+ Nxe7 27. Qxb5
Nxh7 28. Nb2 Qd6 29. g3 Ng5 30. Rxe2 dxe2 31. Qxe2 Rd8 32. h4 Ne4 33. Qf3+ Nf6
34. Rd1 Qa3 35. Rxd8+ Bxd8 36. Qd1 Bc7 37. Qb1 Qc5 38. Nc4 Nc8 39. a3 Nd6 40.
Nxd6 Bxd6 41. b4 axb4 42. axb4 Qxb4 43. Qxb4 Bxb4 44. Kf1 Ke7 45. Ke2 Ke6 46.
Kf3 h5 47. Kg2 Kf5 48. f3 Bd2 49. Kf2 Ng4+ 50. Ke2 Bxe3 51. Kf1 Ne5 52. Ke2 Bc1
53. Kf2 Nxf3 54. Kxf3 g6 55. Kf2 Kg4 56. Kg2 Bf4 57. gxf4 Kxf4 0-1

[Event "AUTO-ELITE-2484"]
[Site "http://www.queenalice.com/game.php?id=1838812"]
[Date "2024.6.17"]
[Round "3"]
[White "diedoofen"]
[Black "trompmaster"]
[Result "1-0"]
[WhiteElo "2545"]
[BlackElo "2459"]

1. e4 d6 2. d4 Nf6 3. Nc3 e5 4. Nf3 Nbd7 5. Bc4 h6 6. O-O c6 7. Re1 Be7 8. h3 b5
9. Bf1 Qc7 10. a3 g5 11. b4 a5 12. Rb1 Nf8 13. bxa5 Rxa5 14. d5 Bd7 15. dxc6
Bxc6 16. Nxb5 Bxb5 17. Bxb5+ N8d7 18. a4 O-O 19. Ba3 Ra7 20. c4 Nc5 21. Bxc5
dxc5 22. Qe2 Nh5 23. g3 Ng7 24. Red1 Bf6 25. Rd7 Qb6 26. Rbd1 Rxd7 27. Rxd7 Ne6
28. Qd2 Nd4 29. Nxd4 exd4 30. a5 Qe6 31. Qd3 Ra8 32. e5 Be7 33. Qa3 Qxe5 34. a6
d3 35. Qxd3 Qe6 36. a7 1-0

[Event "AUTO-ELITE-2484"]
[Site "http://www.queenalice.com/game.php?id=1838815"]
[Date "2024.6.17"]
[Round "3"]
[White "diedoofen"]
[Black "gizmokaka"]
[Result "1/2-1/2"]
[WhiteElo "2551"]
[BlackElo "2683"]

1. e4 e5 2. Nf3 Nc6 3. Bb5 a6 4. Bxc6 dxc6 5. O-O Qf6 6. d4 exd4 7. Bg5 Qd6 8.
e5 Qg6 9. Qxd4 Be7 10. Bxe7 Nxe7 11. Nc3 O-O 12. Rad1 b6 13. Rfe1 c5 14. Qf4 Qg4
15. Qxg4 Bxg4 16. h3 Bxf3 17. gxf3 Rad8 18. Kg2 Rfe8 19. f4 Kf8 20. Ne4 Nc6 21.
Kg3 Rxd1 22. Rxd1 f6 23. Rd7 Re7 24. Rxe7 Kxe7 25. exf6+ gxf6 26. c3 f5 27. Nd2
Kf6 28. Nc4 Ne7 29. Ne5 Nd5 30. a3 Ne7 31. c4 Ng6 32. Nxg6 Kxg6 33. a4 Kh5 34.
Kf3 Kg6 35. Kg3 c6 36. b3 Kg7 37. Kh4 Kg6 38. Kg3 b5 39. Kh4 Kh6 40. Kg3 Kg6 41.
Kh2 Kf7 42. Kg3 Kf6 43. Kh4 Kg6 44. Kg3 1/2-1/2

[Event "AUTO-ELITE-2484"]
[Site "http://www.queenalice.com/game.php?id=1838816"]
[Date "2024.6.17"]
[Round "3"]
[White "gizmokaka"]
[Black "diedoofen"]
[Result "1-0"]
[WhiteElo "2675"]
[BlackElo "2557"]

1. d4 d5 2. c4 c6 3. Nf3 Nf6 4. Nc3 e6 5. Bg5 Be7 6. e3 O-O 7. Qc2 Nbd7 8. a3
dxc4 9. Bxc4 b5 10. Be2 a5 11. O-O h6 12. Bh4 Bb7 13. Rfd1 Nd5 14. Bxe7 Qxe7 15.
Ne4 Rfc8 16. Rac1 b4 17. Ne5 Nxe5 18. dxe5 c5 19. Nd6 Rc7 20. Bd3 Rb8 21. Qd2
Nb6 22. axb4 axb4 23. f4 Bd5 24. Bb1 f5 25. h3 Rd8 26. Kh2 Rxd6 27. exd6 Qxd6
28. g4 Qf8 29. Qd3 c4 30. Qd4 Rc6 31. Rg1 g6 32. Rg3 Qg7 33. Qxg7+ Kxg7 34. gxf5
exf5 35. Bxf5 Bf7 36. Bb1 Rd6 37. Rg2 Nd5 38. Rd2 c3 39. bxc3 bxc3 40. Rd4 Ra6
41. Be4 Nxe3 42. Rxc3 Ra2+ 43. Kg3 Nf1+ 44. Kh4 Rf2 45. Bf3 Nd2 46. Bh1 Nf1 47.
Rf3 1-0

[Event "AUTO-OPEN-4454"]
[Site "http://www.queenalice.com/game.php?id=1842788"]
[Date "2024.8.31"]
[Round "3"]
[White "danielglowinski"]
[Black "diedoofen"]
[Result "0-1"]
[WhiteElo "2495"]
[BlackElo "2575"]

1. e4 c6 2. d4 d5 3. Nc3 dxe4 4. Nxe4 Bf5 5. Ng3 Bg6 6. Nf3 Nf6 7. Bd3 e6 8. O-O
Nbd7 9. Re1 Be7 10. Qe2 Bxd3 11. Qxd3 O-O 12. Bg5 h6 13. Bf4 c5 14. Rad1 cxd4
15. Nxd4 Qb6 16. b3 Rfd8 17. Nge2 Bc5 18. Bg3 Rac8 19. c4 Nf8 20. Qe3 Ng6 21. h3
Rd7 22. a3 e5 23. Bxe5 Nxe5 24. Qxe5 Re8 25. Qg3 Bxd4 26. Nxd4 Rxe1+ 0-1

[Event "AUTO-OPEN-4454"]
[Site "http://www.queenalice.com/game.php?id=1842789"]
[Date "2024.8.31"]
[Round "3"]
[White "diedoofen"]
[Black "danielglowinski"]
[Result "1-0"]
[WhiteElo "2590"]
[BlackElo "2495"]

1. d4 Nf6 2. c4 g6 3. Nc3 Bg7 4. e4 d6 5. Nf3 O-O 6. Be2 c5 7. O-O cxd4 8. Nxd4
Nc6 9. Be3 Bd7 10. Nc2 Rb8 11. f4 Rc8 12. Qd2 Ng4 13. Bxg4 Bxg4 14. f5 gxf5 15.
exf5 Qd7 16. f6 Bxf6 17. Rxf6 exf6 18. Nd5 Kh8 19. Nd4 Ne5 20. Nxf6 Qd8 21. Bg5
Rxc4 22. Re1 Qc8 23. b3 Rc7 24. Qf2 Rc5 25. Nd5 Nf3+ 26. Qxf3 f5 27. Qe3 Rxd5
28. Qe7 Kg8 29. Bh6 Rf7 30. Qg5+ Kh8 31. Ne6 Qg8 32. Nd8 Rf8 33. Re8 Rd1+ 34.
Kf2 Rd2+ 35. Qxd2 Rxe8 36. Qd4+ Re5 37. Qxd6 Re2+ 38. Kf1 1-0

[Event "AUTO-OPEN-4455"]
[Site "http://www.queenalice.com/game.php?id=1843039"]
[Date "2024.9.4"]
[Round "2"]
[White "grotegeest"]
[Black "diedoofen"]
[Result "1/2-1/2"]
[WhiteElo "2671"]
[BlackElo "2573"]

1. e4 e6 2. d4 d5 3. Nc3 dxe4 4. Nxe4 Nd7 5. Nf3 Ngf6 6. Nxf6+ Nxf6 7. Bd3 c5 8.
Be3 Qc7 9. Qe2 a6 10. O-O-O b5 11. dxc5 Bxc5 12. Bxc5 Qxc5 13. Ne5 O-O 14. g4
Nd5 15. Be4 Ra7 16. h4 Rc7 17. Rhe1 Bb7 18. g5 Rfc8 19. Kb1 b4 20. Qd3 Nf4 21.
Qd8+ Qf8 22. Qxf8+ Kxf8 23. Bxb7 Rxb7 24. Rd4 Nd5 25. h5 Rbc7 26. g6 hxg6 27.
hxg6 fxg6 28. Nxg6+ 1/2-1/2

[Event "AUTO-OPEN-4455"]
[Site "http://www.queenalice.com/game.php?id=1843040"]
[Date "2024.9.4"]
[Round "2"]
[White "diedoofen"]
[Black "grotegeest"]
[Result "0-1"]
[WhiteElo "2579"]
[BlackElo "2685"]

1. Nf3 Nf6 2. c4 g6 3. d4 Bg7 4. Nc3 O-O 5. e4 d6 6. Be3 e5 7. Be2 c6 8. d5 Na6
9. a3 Ne8 10. Qc2 f5 11. b4 cxd5 12. cxd5 Bd7 13. h3 Nf6 14. Qb3 Rc8 15. O-O f4
16. Bd2 h5 17. Ng5 Qe7 18. Bxa6 bxa6 19. Ne6 Rfe8 20. Nxg7 Qxg7 21. a4 g5 22. b5
g4 23. h4 g3 24. Be1 gxf2+ 25. Rxf2 Kh7 26. Qb2 Rg8 27. Qe2 Qg6 0-1

[Event "AUTO-OPEN-4455"]
[Site "http://www.queenalice.com/game.php?id=1843053"]
[Date "2024.9.4"]
[Round "2"]
[White "diedoofen"]
[Black "cerenzo72"]
[Result "1-0"]
[WhiteElo "2562"]
[BlackElo "2087"]

1. Nf3 Nf6 2. g3 g6 3. c4 Bg7 4. d4 O-O 5. Nc3 d6 6. Bg2 c6 7. e4 Bg4 8. Be3
Nbd7 9. O-O a6 10. Rc1 b5 11. b3 Nb6 12. c5 Nbd7 13. cxd6 exd6 14. h3 Bxf3 15.
Bxf3 Rc8 16. Re1 Nb6 17. e5 Ne8 18. h4 dxe5 19. dxe5 Qxd1 20. Rexd1 Bxe5 21.
Bxb6 1-0

[Event "AUTO-OPEN-4455"]
[Site "http://www.queenalice.com/game.php?id=1843054"]
[Date "2024.9.4"]
[Round "2"]
[White "cerenzo72"]
[Black "diedoofen"]
[Result "0-1"]
[WhiteElo "2085"]
[BlackElo "2563"]

1. e4 c5 2. Nf3 a6 3. d4 cxd4 4. Nxd4 e5 5. Nf3 Nf6 6. Bc4 Be7 7. Bd2 b5 8. Bb3
d6 9. Qe2 Bb7 10. Nc3 Nbd7 11. Bg5 O-O 12. O-O-O Rc8 13. Nh4 g6 14. Qf3 b4 15.
Nd5 Nxd5 16. Bxe7 Nxe7 17. Rxd6 Qc7 18. Rhd1 Nc5 19. Qe3 a5 20. a3 a4 21. Ba2 b3
0-1